[Event "Napoli Province-ch 2012"]
[Site "Napoli"]
[Date "2012.01.05"]
[Round "3"]
[White "Caiazzo, Diego"]
[Black "Lerro, Luca"]
[Result "1-0"]
[WhiteElo "1856"]
[BlackElo "1693"]
[PlyCount "111"]
[EventDate "2011.12.15"]
[EventType "swiss"]
[EventRounds "7"]
[EventCountry "ITA"]
[SourceTitle "EXT 2018"]
[Source "ChessBase"]
[SourceDate "2017.10.13"]
[SourceVersion "1"]
[SourceVersionDate "2017.10.13"]
[SourceQuality "1"]

1. Nf3 Nf6 2. b3 g6 3. Bb2 Bg7 4. g3 0-0 5. Bg2 Nc6 6. 0-0 b6 7. c4 Bb7 8. d4 e6 9. Nc3 d5 10. e3 Ne7 11. Qc2 Nf5 12. Rac1 c6 13. Rfd1 Rc8 14. Qb1 Qc7 15. cxd5 exd5 16. b4 Qd7 17. Ne5 Qe6 18. Nd3 Nd6 19. Nf4 Qe7 20. Ba1 g5 21. Nd3 Nfe4 22. Nxe4 Nxe4 23. Ne1 Nd6 24. Nf3 Rc7 25. Nd2 Bc8 26. Qb3 Re8 27. a4 Bg4 28. Re1 Be6 29. Bf1 Ne4 30. Nxe4 dxe4 31. Bc4 b5 32. Bxe6 bxa4 33. Bxf7+ Qxf7 34. Qxf7+ Kxf7 35. Rc5 Bf8 36. Rc4 Rb8 37. Rb1 Ke6 38. b5 a3 39. Rcc1 Kd5 40. Kg2 Bd6 41. f4 exf3+ 42. Kxf3 cxb5 43. e4+ Ke6 44. d5+ Kd7 45. e5 Rxc1 46. Rxc1 Bf8 47. Ke4 b4 48. e6+ Ke7 49. Rc7+ Kd8 50. Rxa7 b3 51. Bf6+ Ke8 52. e7 Bxe7 53. Rxe7+ Kf8 54. Rxh7 b2 55. Bxb2 axb2 56. Rh8+ 1-0

[Event "Napoli Vomero Spring 7th"]
[Site "Napoli"]
[Date "2010.03.25"]
[Round "2"]
[White "Donadio, Andrea"]
[Black "Lerro, Luca"]
[Result "1-0"]
[WhiteElo "1697"]
[BlackElo "1479"]
[PlyCount "77"]
[EventDate "2010.03.18"]
[EventType "swiss"]
[EventRounds "6"]
[EventCountry "ITA"]
[SourceTitle "EXT 2024"]
[Source "ChessBase"]
[SourceDate "2023.10.10"]
[SourceVersion "1"]
[SourceVersionDate "2023.10.10"]
[SourceQuality "1"]

1. e4 e5 2. Nf3 Nc6 3. d4 exd4 4. Bc4 Bc5 5. c3 dxc3 6. Bxf7+ Kf8 7. 0-0 Qf6 8. Qd5 cxb2 9. Bxb2 Qxb2 10. Bxg8 Rxg8 11. Qxc5+ d6 12. Qc3 Qxc3 13. Nxc3 Be6 14. Rfb1 b6 15. Ng5 Nd4 16. Rd1 c5 17. Nxe6+ Nxe6 18. Rxd6 Ke7 19. e5 Nc7 20. a4 Rab8 21. Ne4 a6 22. f4 c4 23. Rc6 Nd5 24. f5 Rgc8 25. Re6+ Kd7 26. Rd6+ Ke7 27. Rxd5 c3 28. Rc1 Rc4 29. Nxc3 Rbc8 30. Rd3 b5 31. axb5 axb5 32. Nd5+ Kf7 33. Rxc4 bxc4 34. Rc3 Rc5 35. e6+ Ke8 36. Ne3 Ke7 37. Rxc4 Rxc4 38. Nxc4 g6 39. g4 1-0

[Event "Napoli Vomero Natale op 5th"]
[Site "Napoli"]
[Date "2009.12.17"]
[Round "7"]
[White "Angelotti, Mario"]
[Black "Lerro, Luca"]
[Result "1/2-1/2"]
[WhiteElo "1428"]
[BlackElo "1431"]
[PlyCount "86"]
[EventDate "2009.11.05"]
[EventType "swiss"]
[EventRounds "7"]
[EventCountry "ITA"]
[SourceTitle "EXT 2012"]
[Source "ChessBase"]
[SourceDate "2011.11.24"]
[SourceVersion "1"]
[SourceVersionDate "2011.11.24"]
[SourceQuality "1"]

1. e4 e5 2. Nf3 Nc6 3. d4 exd4 4. Nxd4 Qf6 5. Be3 Bc5 6. c3 Nge7 7. Bc4 0-0 8. 0-0 a6 9. f4 d6 10. Qd3 Be6 11. Nxe6 fxe6 12. f5 Bxe3+ 13. Qxe3 d5 14. Bb3 Rad8 15. Nd2 Kh8 16. fxe6 Qxe6 17. Qg3 Ne5 18. Rae1 Qb6+ 19. Kh1 N5g6 20. exd5 Nxd5 21. Rxf8+ Nxf8 22. Nc4 Qf6 23. Qe5 h6 24. Na5 b6 25. Qxf6 Nxf6 26. Nc6 Rd2 27. Nd4 N8d7 28. Ne6 c5 29. Rb1 Ne5 30. h3 c4 31. Bd1 Nd3 32. Bf3 Nxb2 33. Bb7 a5 34. Bc6 Nd5 35. Bxd5 Rxd5 36. Rxb2 b5 37. Nc7 Rd1+ 38. Kh2 b4 39. cxb4 c3 40. Rc2 axb4 41. Nb5 Rd2 42. Rc1 Rxa2 43. Nxc3 bxc3 1/2-1/2

[Event "Napoli Vomero Natale op 5th"]
[Site "Napoli"]
[Date "2009.11.05"]
[Round "1"]
[White "Esposito, Rosario"]
[Black "Lerro, Luca"]
[Result "1-0"]
[WhiteElo "1858"]
[BlackElo "1431"]
[PlyCount "109"]
[EventDate "2009.11.05"]
[EventType "swiss"]
[EventRounds "7"]
[EventCountry "ITA"]
[SourceTitle "EXT 2012"]
[Source "ChessBase"]
[SourceDate "2011.11.24"]
[SourceVersion "1"]
[SourceVersionDate "2011.11.24"]
[SourceQuality "1"]

1. d4 Nf6 2. c4 c5 3. d5 b5 4. cxb5 a6 5. f3 g6 6. e4 d6 7. bxa6 Bxa6 8. Bxa6 Qa5+ 9. Bd2 Qxa6 10. Ne2 Bg7 11. Bc3 0-0 12. 0-0 Nbd7 13. Nd2 Nb6 14. b3 Qd3 15. Nc4 Qxd1 16. Rfxd1 Nxc4 17. bxc4 Rfb8 18. Rd2 Ra4 19. Rb2 Rxb2 20. Bxb2 Rxc4 21. Kf1 Rc2 22. Bc3 Nd7 23. Bxg7 Kxg7 24. a4 Nb8 25. a5 Na6 26. Ke1 Kf6 27. Kd1 Rb2 28. Ra3 e6 29. f4 exd5 30. exd5 Kf5 31. Ra4 Rb4 32. Ra3 Ke4 33. Rh3 h5 34. Nc3+ Kd4 35. Kc2 c4 36. f5 Nc7 37. fxg6 fxg6 38. Rg3 Nxd5 39. Nxd5 Kxd5 40. Rxg6 Kc5 41. Rg5+ d5 42. Rxh5 Ra4 43. g4 Rxa5 44. g5 Ra8 45. g6 Rg8 46. Rg5 Kd4 47. h4 Ke4 48. h5 d4 49. h6 Kf4 50. h7 d3+ 51. Kc3 Rh8 52. g7 d2 53. Rg1 Rxh7 54. g8Q Rd7 55. Qg4+ 1-0